Accidentes de tránsito : doctrina - jurisprudencia /

Guardado en:
Autor Principal: Mosset Iturraspe, Jorge.
Otros Autores: Piedecasas, Miguel A.
Formato: Libro
Idioma:Undetermined
Publicado: Santa Fe : Rubinzal Culzoni, 2014.
Edición:2a. ed. amp. y act.
Materias:
Etiquetas: Agregar Etiqueta
Sin Etiquetas, Sea el primero en etiquetar este registro!
LEADER 00564nam a22001695a 4500
001 DER.der015230
008 250624s2014####xx############000#0#und#d
005 20250624164403.0
245 1 0 |a Accidentes de tránsito :  |b doctrina - jurisprudencia /  |c Jorge Mosset Iturraspe, Miguel A. Piedecasas. 
250 |a 2a. ed. amp. y act. 
260 |a Santa Fe :  |b Rubinzal Culzoni,  |c 2014. 
300 |a 707 p. 
020 |a 9789873004841 
100 1 |a Mosset Iturraspe, Jorge. 
700 1 |a Piedecasas, Miguel A. 
650 7 |a DERECHO DE DAÑOS 
859 |a DERECHO  |b BIB. DERECHO  |h 346  |i MOS  |p 0010615